[Event "Gentofte Winter"]
[Site "Gentofte"]
[Date "1974.01.30"]
[Round "7"]
[White "Rosenlund, Thorbjorn"]
[Black "Hansen, Carsten Orum"]
[Result "1-0"]
[WhiteElo "2245"]
[BlackElo "1895"]
[PlyCount "39"]
[EventDate "1973.10.17"]
[EventType "tourn"]
[EventRounds "9"]
[EventCountry "DEN"]
[SourceTitle "EXT 2023"]
[Source "ChessBase"]
[SourceDate "2022.10.05"]
[SourceVersion "1"]
[SourceVersionDate "2022.10.05"]
[SourceQuality "1"]

1. d4 Nf6 2. c4 g6 3. Nc3 d5 4. cxd5 Nxd5 5. e4 Nxc3 6. bxc3 Bg7 7. Bc4 0-0 8. Ne2 Nc6 9. 0-0 b6 10. Bg5 Bb7 11. Qd2 Na5 12. Bd3 c5 13. d5 c4 14. Bc2 Qd7 15. Rad1 Rac8 16. Bh6 Rfd8 17. Bxg7 Kxg7 18. f4 f5 19. Nd4 Bxd5 20. exd5 1-0

[Event "Gentofte Winter"]
[Site "Gentofte"]
[Date "1973.11.14"]
[Round "4"]
[White "Hansen, Carsten Orum"]
[Black "Skovgaard, Ib"]
[Result "1/2-1/2"]
[WhiteElo "1895"]
[BlackElo "2134"]
[PlyCount "108"]
[EventDate "1973.10.17"]
[EventType "tourn"]
[EventRounds "9"]
[EventCountry "DEN"]
[SourceTitle "EXT 2023"]
[Source "ChessBase"]
[SourceDate "2022.10.05"]
[SourceVersion "1"]
[SourceVersionDate "2022.10.05"]
[SourceQuality "1"]

1. d4 Nf6 2. c4 g6 3. Nc3 d5 4. cxd5 Nxd5 5. e4 Nxc3 6. bxc3 Bg7 7. Bc4 0-0 8. Ne2 c5 9. 0-0 Nd7 10. Bg5 h6 11. Bh4 Kh7 12. Rc1 Nb6 13. Bb3 c4 14. Bc2 f5 15. f3 Qe8 16. Rb1 Bd7 17. Rb4 g5 18. Bf2 Rb8 19. a4 Qf7 20. d5 fxe4 21. Bxe4+ Bf5 22. Nd4 Bxd4 23. Bxd4 Nxd5 24. Bxd5 Qxd5 25. Bxa7 Qxd1 26. Rxd1 Rbd8 27. Rxd8 Rxd8 28. Rxb7 Rd7 29. Rxd7 Bxd7 30. a5 Kg6 31. Kf2 e5 32. Bb8 Kf5 33. Ke3 Bc6 34. g4+ Kf6 35. a6 Ba8 36. Bd6 Bc6 37. a7 Ba8 38. Bf8 Kg6 39. Kd2 Bxf3 40. Kc2 Bd5 41. Kb2 h5 42. gxh5+ Kxh5 43. Ka3 e4 44. Bc5 Kg4 45. Be3 Kh3 46. Bxg5 Kxh2 47. Kb4 Kg3 48. Kc5 Ba8 49. Kxc4 Kf2 50. Kb5 Kf3 51. Kb6 e3 52. Kc7 Ke4 53. Kb8 Bc6 54. Bh4 Kd3 1/2-1/2

[Event "Gentofte Winter"]
[Site "Gentofte"]
[Date "1973.11.07"]
[Round "3"]
[White "Hoi, Carsten"]
[Black "Hansen, Carsten Orum"]
[Result "1/2-1/2"]
[WhiteElo "2089"]
[BlackElo "1895"]
[PlyCount "73"]
[EventDate "1973.10.17"]
[EventType "tourn"]
[EventRounds "9"]
[EventCountry "DEN"]
[SourceTitle "EXT 2023"]
[Source "ChessBase"]
[SourceDate "2022.10.05"]
[SourceVersion "1"]
[SourceVersionDate "2022.10.05"]
[SourceQuality "1"]

1. d4 g6 2. c4 Bg7 3. Nc3 d6 4. e4 Nc6 5. d5 Nd4 6. Be3 c5 7. Nge2 Qb6 8. Qd2 Bg4 9. 0-0-0 Nxe2+ 10. Bxe2 Bxe2 11. Qxe2 Bxc3 12. bxc3 Nf6 13. Bg5 Nd7 14. f4 f6 15. Bh4 Qa6 16. Rhe1 0-0-0 17. g4 h6 18. e5 g5 19. Bf2 fxe5 20. fxe5 Qa3+ 21. Qb2 Qxb2+ 22. Kxb2 Nxe5 23. Bxc5 Nxg4 24. Bd4 Rhf8 25. Rd2 Rd7 26. h3 Nf6 27. Re6 b6 28. Rf2 h5 29. Rg2 g4 30. Bxf6 gxh3 31. Rh2 exf6 32. Rxh3 f5 33. Rxh5 f4 34. Rh2 f3 35. Rf2 Kc7 36. Re3 Rdf7 37. Kc2 1/2-1/2